فهرس مفتاح الخزانة : وهي فهارس لخزانة الأدب لعبد القادر البغدادي التي شرح فيها شواهد الرضي على الكافية الحاجبية في النحو للنسخة المطبوعة ببولاق سنة 1299 هـ
محفوظ في:
المؤلف الرئيسي:
مؤلفون آخرون:
التنسيق: كتاب
اللغة: Undetermined
منشور في:
Cairo :
,
1882.
الوسوم: إضافة وسم
لا توجد وسوم, كن أول من يضع وسما على هذه التسجيلة!
رقم الطلب: (RA)PJ7541 .A23 INDEX
| LEADER | 00640nam a2200133Ia 4500 | ||
|---|---|---|---|
| 008 | 240329s9999||||xx |||||||||||||| ||und|| | ||
| 050 | 4 | |a (RA)PJ7541 .A23 INDEX | |
| 100 | 1 | |a أحمد تيمور. | |
| 245 | 1 | 0 | |a فهرس مفتاح الخزانة : وهي فهارس لخزانة الأدب لعبد القادر البغدادي التي شرح فيها شواهد الرضي على الكافية الحاجبية في النحو للنسخة المطبوعة ببولاق سنة 1299 هـ |c أحمد تيمور |
| 264 | 1 | |a Cairo : |b , |c 1882. | |
| 300 | |a 278 |c 35 CM | ||
| 700 | 1 | |a عبد القادر البغدادي. | |
| 942 | |2 lcc |c BK | ||
| 999 | |c 57661 |d 57661 | ||
